Ecce Homo /

-д хадгалсан:
Номзүйн дэлгэрэнгүй
Үндсэн зохиолч: Grosz, George (autor)
Формат: Ном
Хэл сонгох:German
Хэвлэсэн: Berlín, Alemania : Rowohlt, 1980
Нөхцлүүд:
Шошгууд: Шошго нэмэх
Шошго байхгүй, Энэхүү баримтыг шошголох эхний хүн болох!

MARC

LEADER 00000nam^a2200000^a^4500
001 000024223
005 20250521000000.0
009 20260310084603.438
020 |a 3-499-25145-0 
037 |a Acervo ITESO - Biblioteca 
041 |a ALE 
082 |a 741. 943  |b GRO 
100 |a Grosz, George  |e (autor) 
245 |a Ecce Homo /  |c G. Grosz. 
264 1 |a Berlín, Alemania :  |b Rowohlt,  |c 1980 
300 |a 1 v. (sin paginación) 
336 |a texto  |b txt  |2 rdacontenido 
337 |a sin mediación  |b n  |2 rdamedio 
338 |a volumen  |b nc  |2 rdasoporte 
649 |a XX 
650 |a Arte 
910 |a Fondo General 
920 |a Impresos - Libros 
930 |a Colección General 
905 |a 101 
901 |a 0242230200  |b IT1  |c ACC  |i 906259  |u 20250521 
902 |a https://opac.biblio.iteso.mx/vufind/Record/000024223